FA Cup Sieger - Sudden Death - Statistiken

Allgemein
  • Dieses Quiz wurde 67 mal gespielt
  • Das Durchschnittsergebnis liegt bei 11 aus 45
Answers on the Grid
Answers color-coded by a green-red scale on the quiz's grid according to % correct below.
FC Arsenal
Manchester United
FC Chelsea
FC Liverpool
Tottenham Hotspur
Aston Villa
Manchester City
Newcastle United
Blackburn Rovers
FC Everton
West Bromwich Albion
Wanderers FC
Wolverhampton Wanderers
Bolton Wanderers
Sheffield United
Sheffield Wednesday
West Ham United
Preston North End
Old Etonians
FC Portsmouth
AFC Sunderland
Nottingham Forest
FC Bury
Leicester City
Huddersfield Town
FC Southampton
Leeds United
Derby County
Royal Engineers AFC
Oxford University AFC
Crystal Palace
FC Blackpool
Cardiff City
FC Burnley
Charlton Athletic
FC Barnsley
Notts County
Clapham Rovers
Wigan Athletic
FC Wimbledon
Coventry City
Ipswich Town
Bradford City
Blackburn Olympic
Old Carthusians
FC Watford
FC Queen’s Park
Stoke City
FC Millwall
FC Middlesbrough
Brighton & Hove Albion
Queens Park Rangers
FC Fulham
Luton Town
Bristol City
Hull City
 
Antwortstatistiken
Antwort % Korrekt
Manchester City
83%
Manchester United
83%
FC Chelsea
81%
FC Arsenal
79%
FC Liverpool
79%
Aston Villa
69%
Newcastle United
65%
Nottingham Forest
54%
FC Everton
52%
Tottenham Hotspur
50%
Leeds United
44%
West Ham United
44%
Leicester City
42%
Crystal Palace
38%
FC Southampton
25%
AFC Sunderland
21%
Wolverhampton Wanderers
19%
Blackburn Rovers
17%
FC Wimbledon
17%
Sheffield United
17%
FC Portsmouth
15%
Wigan Athletic
15%
Huddersfield Town
10%
Bolton Wanderers
8%
Preston North End
8%
Sheffield Wednesday
8%
Wanderers FC
8%
Blackburn Olympic
6%
Ipswich Town
6%
Oxford University AFC
6%
Coventry City
4%
FC Blackpool
4%
FC Burnley
4%
FC Bury
4%
Royal Engineers AFC
4%
West Bromwich Albion
4%
Charlton Athletic
2%
Clapham Rovers
2%
Derby County
2%
Notts County
2%
Old Carthusians
2%
Old Etonians
2%
Bradford City
0%
Cardiff City
0%
FC Barnsley
0%
Keine übereinstimmenden Quizze gefunden
Verteilung der Resultate
Anzahl Personen mit jedem Resultat
Perzentil nach korrekt beantworteten Fragen
Ihre Resultats-Entwicklung
Sie haben dieses Quiz noch nicht gespielt